Economics / (Record no. 29906)

MARC details
000 -LEADER
fixed length control field 00635nam a22002297a 4500
005 - DATE AND TIME OF LATEST TRANSACTION
control field 20090903111847.0
008 - FIXED-LENGTH DATA ELEMENTS--GENERAL INFORMATION
fixed length control field 090903t xxu||||| |||| 00| 0 eng d
010 ## - LCCN (DPL NO)
LC control number B-316876
020 ## - INTERNATIONAL STANDARD BOOK NUMBER
Terms of availability 335.00
035 ## - SYSTEM CONTROL NUMBER
System control number B-316876
037 ## - SOURCE OF ACQUISITION
Source of stock number/acquisition RP/BL-1
040 ## - CATALOGING SOURCE
Original cataloging agency DPL
Language of cataloging Eng
082 ## - DEWEY DECIMAL CLASSIFICATION NUMBER
Classification number 330
100 ## - MAIN ENTRY--PERSONAL NAME
Personal name Lipsey
245 ## - TITLE STATEMENT
Title Economics /
Statement of responsibility, etc by Lipsey
250 ## - EDITION STATEMENT
Edition statement 11th ed.
260 ## - PUBLICATION, DISTRIBUTION, ETC. (IMPRINT)
Place of publication, distribution, etc New Delhi
Name of publisher, distributor, etc Oxford University Press
270 ## - ADDRESS
Address New Delhi
300 ## - PHYSICAL DESCRIPTION
Extent 665p.
Dimensions 26cm.(pbk)
942 ## - ADDED ENTRY ELEMENTS (KOHA)
Source of classification or shelving scheme Dewey Decimal Classification
Item type English Books
Edition 11th ed.
Call number suffix LIP-330

No items available.


© Delhi Public Library
Hit Counter
free hit counter